Collapsible-tube pulsation generator for crossflow microfiltration : Fatigue testing of silicone-rubber tubes (Record no. 55836)

MARC details
000 -LEADER
fixed length control field 00461nam a2200145Ia 4500
100 ## - MAIN ENTRY--AUTHOR NAME
Personal name Hadzismajlovic D E
245 #0 - TITLE STATEMENT
Title Collapsible-tube pulsation generator for crossflow microfiltration : Fatigue testing of silicone-rubber tubes
260 ## - PUBLICATION, DISTRIBUTION, ETC. (IMPRINT)
Name of publisher Journal of Applied Polymer Science
Year of publication 1996
300 ## - PHYSICAL DESCRIPTION
Number of Pages 703-713
650 ## - SUBJECT ADDED ENTRY--TOPICAL TERM
Topical Term Fatigue testing
650 ## - SUBJECT ADDED ENTRY--TOPICAL TERM
Topical Term Silicone rubber
700 ## - ADDED ENTRY--PERSONAL NAME
Personal name Bertram C D
942 ## - ADDED ENTRY ELEMENTS (KOHA)
Koha item type Journals
Holdings
Withdrawn status Lost status Damaged status Not for loan Home library Current library Shelving location Date acquired Serial Enumeration / chronology Koha item type
      Journals RRII Library RRII Library Rubber chemistry 17/12/2021 Volume 61, Issue 4 Journals